China Provinces with most/least foreign visitor per capita - Statistics

General Stats
  • This quiz has been taken 62 times
  • The average score is 11 of 14
Answer Stats
Foreign tourists per capita % Correct
most 0.102 Tibet
96%
most 0.147 Beijing
94%
most 0.241 Shanghai
90%
most 0.077 Inner mongolia
87%
least 0.010 Xinjiang
87%
most 0.109 Hainan
85%
least 0.008 Qinghai
81%
least 0.006 Ningxia
79%
most 0.125 Yunnan
79%
least 0.010 Hebei
77%
least 0.012 Henan
75%
most 0.084 Shaanxi
75%
least 0.004 Gansu
71%
least 0.006 Guizhou
71%
No matching quizzes found
Score Distribution
Percent of People with Each Score
Percentile by Number Answered
Your Score History
You have not taken this quiz